Random NFL Box Score Pt. 1: KC vs LV 2019 - Statistics

General Stats
  • This quiz has been taken 15 times
  • The average score is 10 of 23
Answer Stats
Hint Answer % Correct
LV Rushing: 12 Rush, 99 yds Josh Jacobs
100%
KC Passing: 443 yds, 4 TD Patrick Mahomes
100%
KC Rushing: 1 Rush, -1 yd Patrick Mahomes
100%
KC Receiving: 7 Rec, 107 yds, TD Travis Kelce
100%
LV Passing: 198 yds, TD, 2 INT Derek Carr
92%
LV Rushing: 2 Rush, 18 yds Derek Carr
92%
KC Rushing: 9 Rush, 8 yds Damien Williams
42%
KC Receiving: 3 Rec, 48 yds Damien Williams
42%
LV Receiving: 6 Rec, 63 yds Darren Waller
42%
KC Receiving: 4 Rec, 61 yds, TD Mecole Hardman
42%
KC Receiving: 6 Rec, 49 yds Sammy Watkins
42%
LV Receiving: 5 Rec, 46 yds, TD Tyrell Williams
42%
KC Receiving: 6 Rec, 172 yds, 2 TD Demarcus Robinson
17%
LV Receiving: 4 Rec, 30 yds Hunter Renfrow
17%
KC Rushing: 11 Rush, 23 yds LeSean McCoy
17%
KC Receiving: 3 Rec, 0 yds LeSean McCoy
17%
KC Rushing: 1 Rush, 1 yd Darwin Thompson
8%
LV Rushing: 3 Rush, 9 yds DeAndre Washington
8%
LV Receiving: 3 Rec, 33 yds DeAndre Washington
8%
KC Receiving: 1 Rec, 6 yds De'Anthony Thomas
8%
LV Rushing: 2 Rush, 3 yds Jalen Richard
8%
LV Receiving: 2 Rec, 2 yds Jalen Richard
8%
LV Receiving: 1 Rec, -2 yds Ryan Grant
8%
No matching quizzes found
Score Distribution
Percent of People with Each Score
Percentile by Number Answered
Your Score History
You have not taken this quiz